[Event "ARG-chT"]
[Site "Villa Martelli"]
[Date "2016.10.22"]
[Round "5.3"]
[White "Cimer, Emanuel"]
[Black "Dos Santos, Ramiro"]
[Result "1-0"]
[WhiteElo "2273"]
[BlackElo "2429"]
[PlyCount "75"]
[EventDate "2016.09.24"]
[EventType "team-swiss"]
[EventRounds "9"]
[EventCountry "ARG"]
[SourceTitle "EXT 2018"]
[Source "ChessBase"]
[SourceDate "2017.10.13"]
[SourceVersion "1"]
[SourceVersionDate "2017.10.13"]
[SourceQuality "1"]
[WhiteTeam "Lasker Quilmes"]
[BlackTeam "Republica Martelli"]
[WhiteTeamCountry "ARG"]
[BlackTeamCountry "ARG"]

1. e4 e5 2. Nf3 Nc6 3. Bb5 g6 4. Nc3 Bg7 5. 0-0 Nge7 6. a3 0-0 7. d3 Nd4 8. Bc4 c6 9. Ba2 d6 10. Nxd4 exd4 11. Ne2 Be6 12. Bxe6 fxe6 13. Ng3 a5 14. f4 d5 15. Qe2 Qd7 16. Bd2 Rf7 17. b4 a4 18. Rae1 Raf8 19. Qg4 Qc8 20. Re2 h5 21. Qh3 Bh6 22. Ref2 Kg7 23. Ne2 e5 24. Qxc8 Nxc8 25. exd5 cxd5 26. c3 Nd6 27. g3 Nb5 28. cxd4 exd4 29. Nxd4 Nxd4 30. Bc3 Rc8 31. Bxd4+ Kg8 32. f5 Rc1 33. Rxc1 Bxc1 34. Rc2 Bxa3 35. fxg6 Rf3 36. Rc8+ Rf8 37. Rc7 Re8 38. Rh7 1-0

[Event "ARG-chT"]
[Site "Villa Martelli"]
[Date "2016.10.08"]
[Round "3.6"]
[White "Cuevas, Alex"]
[Black "Dos Santos, Ramiro"]
[Result "1/2-1/2"]
[WhiteElo "2253"]
[BlackElo "2429"]
[PlyCount "61"]
[EventDate "2016.09.24"]
[EventType "team-swiss"]
[EventRounds "9"]
[EventCountry "ARG"]
[SourceTitle "EXT 2017"]
[Source "ChessBase"]
[SourceDate "2016.10.25"]
[SourceVersion "1"]
[SourceVersionDate "2016.10.25"]
[SourceQuality "1"]
[WhiteTeam "El Sanitarista 15 Mayo"]
[BlackTeam "Republica Martelli"]
[WhiteTeamCountry "ARG"]
[BlackTeamCountry "ARG"]

1. d4 Nf6 2. c4 g6 3. g3 Bg7 4. Bg2 d5 5. cxd5 Nxd5 6. Nc3 Nxc3 7. bxc3 c5 8. Nf3 Nc6 9. e3 0-0 10. 0-0 Qa5 11. Qb3 Be6 12. Qa3 Rac8 13. Nd2 Rfd8 14. Nb3 Qxa3 15. Bxa3 cxd4 16. Nxd4 Bc4 17. Rfd1 Nxd4 18. cxd4 e5 19. Bxb7 Rb8 20. Rac1 Bxa2 21. Rc7 Bb3 22. Rd3 Be6 23. d5 e4 24. Rd2 Be5 25. d6 f5 26. Bc5 Bc4 27. Bxa7 Bxd6 28. Rxc4 Rxb7 29. Rcd4 Rxa7 30. Rxd6 Rxd6 31. Rxd6 1/2-1/2

[Event "Latin Cup-A 6th"]
[Site "Buenos Aires"]
[Date "2015.03.24"]
[Round "8"]
[White "Pierrot, Juan Facundo"]
[Black "Dos Santos, Ramiro"]
[Result "0-1"]
[WhiteElo "2380"]
[BlackElo "2431"]
[PlyCount "136"]
[EventDate "2015.03.19"]
[EventType "swiss"]
[EventRounds "9"]
[EventCountry "ARG"]
[SourceTitle "CBM 165 Extra"]
[Source "ChessBase"]
[SourceDate "2015.04.21"]
[SourceVersion "1"]
[SourceVersionDate "2015.04.21"]
[SourceQuality "1"]

1. e4 e5 2. Nf3 Nc6 3. Bb5 g6 4. d4 exd4 5. Bg5 Be7 6. Bxe7 Qxe7 7. Bxc6 dxc6 8. Qxd4 Nf6 9. Nc3 Bg4 10. Nd2 0-0 11. h3 Rad8 12. Qe3 Be6 13. 0-0 b6 14. Rad1 c5 15. Nf3 Bc4 16. Rfe1 Rfe8 17. Rxd8 Rxd8 18. Qh6 Nh5 19. e5 Qf8 20. Qe3 Bd5 21. Ng5 Qe7 22. f4 h6 23. Nxd5 Rxd5 24. Ne4 Qh4 25. Rf1 Rd4 26. c3 Rd8 27. Kh2 c4 28. Qf2 Qxf2 29. Rxf2 f5 30. exf6 Kf7 31. Nd2 b5 32. Nf3 Kxf6 33. Nd4 a6 34. g4 Ng7 35. g5+ hxg5 36. fxg5+ Kxg5 37. Nc6 Rd1 38. Ne5 Nf5 39. Rg2+ Kf6 40. Ng4+ Ke6 41. Re2+ Kd6 42. Ne5 Ne7 43. Nf7+ Kd7 44. Ne5+ Kc8 45. Kg3 c5 46. a4 Rb1 47. axb5 axb5 48. Kf3 Rh1 49. Kg2 Rd1 50. Kg3 Nd5 51. Nxg6 Rg1+ 52. Rg2 Rxg2+ 53. Kxg2 Nxc3 54. Kf3 Nd5 55. h4 Nf6 56. Nf4 b4 57. Ke3 Kd7 58. h5 Kd6 59. Kd2 Ke5 60. Ng6+ Kf5 61. Nh4+ Kg5 62. Ng2 Nd5 63. Ne1 Kxh5 64. Nf3 Nb6 65. Ke3 Na4 66. Ne5 Nxb2 67. Kd2 Kg5 68. Kc2 Kf5 0-1

[Event "Latin Cup-A 6th"]
[Site "Buenos Aires"]
[Date "2015.03.22"]
[Round "5"]
[White "Dos Santos, Ramiro"]
[Black "Quiroga, Facundo"]
[Result "1/2-1/2"]
[WhiteElo "2431"]
[BlackElo "2261"]
[PlyCount "107"]
[EventDate "2015.03.19"]
[EventType "swiss"]
[EventRounds "9"]
[EventCountry "ARG"]
[SourceTitle "CBM 165 Extra"]
[Source "ChessBase"]
[SourceDate "2015.04.21"]
[SourceVersion "1"]
[SourceVersionDate "2015.04.21"]
[SourceQuality "1"]

1. d4 Nf6 2. Nf3 g6 3. Bf4 Bg7 4. e3 0-0 5. Be2 d6 6. 0-0 Nh5 7. Bg5 h6 8. Bh4 g5 9. Nfd2 Nf4 10. exf4 gxh4 11. Nf3 h3 12. g3 c5 13. c3 Qb6 14. Na3 d5 15. Nb5 cxd4 16. Nbxd4 Nc6 17. Qd2 Bg4 18. Nxc6 bxc6 19. Ne5 Bc8 20. Rfe1 a5 21. Bd3 Rd8 22. Qe2 Ra7 23. Qh5 e6 24. Rab1 a4 25. Qxh3 a3 26. b4 c5 27. b5 c4 28. Bf1 Rc7 29. Qh4 Rf8 30. Red1 f5 31. Bg2 Rc5 32. Qe7 Bf6 33. Nxc4 Rxc4 34. Qxa3 Rxc3 35. Qb4 Rc2 36. Rd2 Bc3 37. Qxf8+ Kxf8 38. Rxc2 d4 39. a4 Bb7 40. Bxb7 Qxb7 41. b6 Ke7 42. Rb5 Kd7 43. a5 Kc8 44. Rc5+ Kb8 45. R2xc3 dxc3 46. Rxc3 Qe4 47. Re3 Qc6 48. Re5 Kb7 49. Re1 Ka6 50. Re5 Kb7 51. Re1 Ka6 52. Re5 Kb7 53. Re3 Ka6 54. Re5 1/2-1/2

[Event "Latin Cup-A 6th"]
[Site "Buenos Aires"]
[Date "2015.03.21"]
[Round "4"]
[White "Cori, Jorge Moise"]
[Black "Dos Santos, Ramiro"]
[Result "1-0"]
[WhiteElo "2549"]
[BlackElo "2431"]
[PlyCount "83"]
[EventDate "2015.03.19"]
[EventType "swiss"]
[EventRounds "9"]
[EventCountry "ARG"]
[SourceTitle "CBM 165 Extra"]
[Source "ChessBase"]
[SourceDate "2015.04.21"]
[SourceVersion "1"]
[SourceVersionDate "2015.04.21"]
[SourceQuality "1"]

1. d4 Nf6 2. c4 g6 3. Nc3 d5 4. Nf3 Bg7 5. h4 c6 6. Bf4 0-0 7. e3 Bg4 8. Qb3 Bxf3 9. gxf3 Qb6 10. Bh2 Nbd7 11. Qxb6 Nxb6 12. c5 Nbd7 13. Rc1 Rfe8 14. f4 b6 15. b4 bxc5 16. bxc5 Rab8 17. Bh3 e6 18. 0-0 Nh5 19. f5 Rb4 20. fxe6 fxe6 21. Bd6 Nf8 22. Rb1 a5 23. a3 Rc4 24. Rfc1 e5 25. Nxd5 Rxc1+ 26. Rxc1 exd4 27. Ne7+ Kf7 28. Nxc6 dxe3 29. fxe3 Rxe3 30. Bg2 Ke6 31. Kf2 Rxa3 32. Re1+ Kf6 33. Be5+ Kf7 34. Bd5+ Ne6 35. Nd8+ Ke7 36. Nxe6 Bxe5 37. Rxe5 Nf6 38. Nd4+ Kd7 39. Bf3 Ra2+ 40. Kg3 Ra3 41. c6+ Kd8 42. Nb5 1-0

[Event "Latin Cup-A 6th"]
[Site "Buenos Aires"]
[Date "2015.03.19"]
[Round "1"]
[White "Dos Santos, Ramiro"]
[Black "Radoszta, Armando Esteban"]
[Result "1-0"]
[WhiteElo "2431"]
[BlackElo "1994"]
[PlyCount "67"]
[EventDate "2015.03.19"]
[EventType "swiss"]
[EventRounds "9"]
[EventCountry "ARG"]
[SourceTitle "CBM 165 Extra"]
[Source "ChessBase"]
[SourceDate "2015.04.21"]
[SourceVersion "1"]
[SourceVersionDate "2015.04.21"]
[SourceQuality "1"]

1. d4 d5 2. c4 c6 3. Nc3 Nf6 4. e3 g6 5. Nf3 Bg7 6. Bd3 0-0 7. 0-0 Bg4 8. h3 Bxf3 9. Qxf3 e6 10. Rd1 Re8 11. e4 dxe4 12. Bxe4 Nxe4 13. Nxe4 f5 14. Nc5 Bxd4 15. Nxb7 Bxf2+ 16. Kf1 Qe7 17. Nd6 Rd8 18. Kxf2 Rxd6 19. Bg5 Qd7 20. Rxd6 Qxd6 21. Rd1 Qc5+ 22. Be3 Qe7 23. b4 e5 24. Bc5 Qe8 25. b5 e4 26. Qf4 Nd7 27. Bd4 cxb5 28. Qd6 Rc8 29. c5 Qf7 30. c6 e3+ 31. Bxe3 Nf6 32. Kg1 Ne8 33. Qd7 Rc7 34. Bf4 1-0

[Event "Buenos Aires La Porta Cup"]
[Site "Buenos Aires"]
[Date "2014.12.18"]
[Round "6"]
[White "Dos Santos, Ramiro"]
[Black "Quiroga, Facundo"]
[Result "1-0"]
[WhiteElo "2432"]
[BlackElo "2262"]
[PlyCount "77"]
[EventDate "2014.12.13"]
[EventType "swiss"]
[EventRounds "9"]
[EventCountry "ARG"]
[SourceTitle "EXT 2016"]
[Source "ChessBase"]
[SourceDate "2015.10.08"]
[SourceVersion "1"]
[SourceVersionDate "2015.10.08"]
[SourceQuality "1"]

1. d4 Nf6 2. Nf3 g6 3. Bf4 c5 4. e3 cxd4 5. exd4 Bg7 6. c3 d6 7. Bd3 0-0 8. 0-0 Nc6 9. Re1 Bg4 10. h3 Bxf3 11. Qxf3 Qb6 12. Na3 Nd7 13. Nc4 Qc7 14. Bh2 Rae8 15. Rad1 Nb6 16. Ne3 Qc8 17. d5 Ne5 18. Bxe5 Bxe5 19. Bb5 Nd7 20. Nc4 Bg7 21. Qg4 f5 22. Qe2 Kh8 23. Qe6 Nc5 24. Qxc8 Rxc8 25. Rxe7 Bf6 26. Re2 a6 27. Nxd6 axb5 28. Nxc8 Rxc8 29. Rde1 Kg7 30. Re8 Rc7 31. d6 Rf7 32. Rc8 Nd7 33. Rc7 b6 34. Re8 Bg5 35. f4 Bxf4 36. Re7 Ne5 37. g3 Bxg3 38. Kg2 Bf4 39. d7 1-0

[Event "Buenos Aires La Porta Cup"]
[Site "Buenos Aires"]
[Date "2014.12.14"]
[Round "2"]
[White "Mansilla, Martin"]
[Black "Dos Santos, Ramiro"]
[Result "1/2-1/2"]
[WhiteElo "2089"]
[BlackElo "2432"]
[PlyCount "57"]
[EventDate "2014.12.13"]
[EventType "swiss"]
[EventRounds "9"]
[EventCountry "ARG"]
[SourceTitle "EXT 2016"]
[Source "ChessBase"]
[SourceDate "2015.10.08"]
[SourceVersion "1"]
[SourceVersionDate "2015.10.08"]
[SourceQuality "1"]

1. c4 g6 2. Nc3 c5 3. Nf3 Bg7 4. g3 Nc6 5. Bg2 e6 6. d4 cxd4 7. Nb5 d5 8. cxd5 exd5 9. 0-0 a6 10. Nbxd4 Nge7 11. Be3 0-0 12. Qd2 Re8 13. Rfd1 Bg4 14. h3 Bxf3 15. exf3 Nxd4 16. Bxd4 Bxd4 17. Qxd4 Nc6 18. Qc5 Qf6 19. Rd2 Rac8 20. f4 Ne7 21. Qb4 b5 22. Rad1 Qb6 23. Qb3 Rcd8 24. Bxd5 Nxd5 25. Rxd5 Rxd5 26. Qxd5 Re2 27. Qd8+ Qxd8 28. Rxd8+ Kg7 29. Ra8 1/2-1/2

[Event "Villa Martelli op-A 21st"]
[Site "Villa Martelli"]
[Date "2014.11.12"]
[Round "6"]
[White "Garcia, Raimundo"]
[Black "Dos Santos, Ramiro"]
[Result "1/2-1/2"]
[WhiteElo "2320"]
[BlackElo "2444"]
[PlyCount "68"]
[EventDate "2014.11.07"]
[EventType "swiss"]
[EventRounds "9"]
[EventCountry "ARG"]
[SourceTitle "CBM 163 Extra"]
[Source "ChessBase"]
[SourceDate "2014.12.23"]
[SourceVersion "1"]
[SourceVersionDate "2014.12.23"]
[SourceQuality "1"]

1. Nf3 g6 2. e4 Bg7 3. d4 d6 4. c4 Bg4 5. Be2 Nd7 6. Nc3 e5 7. d5 Ne7 8. Ng1 Bxe2 9. Ngxe2 0-0 10. Be3 f5 11. f3 fxe4 12. Nxe4 Nf5 13. Bg5 Qe8 14. 0-0 Bh6 15. Qd2 Bxg5 16. Nxg5 Ng7 17. Rae1 h6 18. Ne6 Nxe6 19. dxe6 Qxe6 20. Qxh6 Nc5 21. Nc3 Rf7 22. Ne4 Nxe4 23. Rxe4 Rh7 24. Qg5 Rf8 25. Rg4 Kg7 26. Re1 b6 27. Ree4 Qf6 28. Qd2 Rfh8 29. h3 Rh4 30. Qe1 Rxg4 31. Rxg4 Qf5 32. Re4 Rf8 33. b3 Qg5 34. Rg4 Qf5 1/2-1/2

[Event "Latin Cup"]
[Site "Montevideo"]
[Date "2011.11.04"]
[Round "6"]
[White "Carvalho, Guillermo"]
[Black "Dos Santos, Ramiro"]
[Result "1/2-1/2"]
[WhiteElo "2244"]
[BlackElo "2453"]
[PlyCount "108"]
[EventDate "2011.11.01"]
[EventType "swiss"]
[EventRounds "9"]
[EventCountry "URU"]
[SourceTitle "EXT 2012"]
[Source "ChessBase"]
[SourceDate "2011.11.24"]
[SourceVersion "1"]
[SourceVersionDate "2011.11.24"]
[SourceQuality "1"]

1. c4 g6 2. Nc3 Bg7 3. g3 c5 4. Bg2 Nc6 5. Nf3 d6 6. 0-0 Nh6 7. d4 cxd4 8. Bxh6 Bxh6 9. Nxd4 Ne5 10. b3 0-0 11. Qc2 Rb8 12. Rad1 Bd7 13. Nd5 Bg7 14. Qd2 a6 15. a4 Nc6 16. e3 Nxd4 17. exd4 e6 18. Ne3 Qe7 19. Rc1 Rfc8 20. Rfd1 Qd8 21. Qb4 Bf8 22. Qd2 h5 23. h4 Be8 24. Qe1 Bg7 25. c5 d5 26. a5 g5 27. hxg5 Qxg5 28. Nf1 h4 29. gxh4 Qxh4 30. Rc3 Bxd4 31. Rg3+ Kf8 32. b4 Bb5 33. Ne3 Bg7 34. Rh3 Qf4 35. Rf3 Qe5 36. Qd2 d4 37. Ng4 Qe2 38. Qf4 Qxd1+ 39. Kh2 Qxf3 40. Bxf3 Rd8 41. Ne5 Bxe5 42. Qxe5 d3 43. Qh8+ Ke7 44. Qh4+ Ke8 45. Qf6 d2 46. Bh5 Kd7 47. Qxf7+ Kc8 48. Qxe6+ Bd7 49. Qh6 Bf5 50. Qf6 Bd7 51. Qh6 Ba4 52. Bg4+ Bd7 53. Bh5 Bf5 54. Qf6 Bd7 1/2-1/2

[Event "Buenos Aires Duchamp Memorial 2nd"]
[Site "Buenos Aires"]
[Date "2010.12.14"]
[Round "4"]
[White "Flores, Diego"]
[Black "Dos Santos, Ramiro"]
[Result "1-0"]
[WhiteElo "2608"]
[BlackElo "2450"]
[PlyCount "89"]
[EventDate "2010.12.11"]
[EventType "tourn"]
[EventRounds "9"]
[EventCountry "ARG"]
[EventCategory "12"]
[SourceTitle "CBM 139 Extra"]
[Source "ChessBase"]
[SourceDate "2011.01.05"]
[SourceVersion "1"]
[SourceVersionDate "2011.01.05"]
[SourceQuality "1"]

1. c4 g6 2. Nc3 c5 3. Nf3 Bg7 4. g3 Nc6 5. Bg2 d6 6. 0-0 Nh6 7. d4 cxd4 8. Bxh6 Bxh6 9. Nxd4 Bd7 10. c5 dxc5 11. Nxc6 Bxc6 12. Bxc6+ bxc6 13. Qc2 0-0 14. Na4 Qa5 15. b3 Rfd8 16. Rad1 Rd5 17. e4 Rd4 18. Nxc5 Bg7 19. Kg2 Qb5 20. Rxd4 Bxd4 21. Nd3 c5 22. Rc1 Rd8 23. Rd1 Rd6 24. Ne1 e5 25. Nf3 Ra6 26. h4 h5 27. Re1 Rf6 28. Rc1 Kg7 29. Qc4 Qb7 30. Qe2 Ra6 31. Rc2 Rd6 32. Qd3 Ra6 33. Re2 Rf6 34. Qc4 Rd6 35. Qc2 Qb5 36. Rd2 Rf6 37. Qd3 Qb7 38. Re2 Ra6 39. b4 cxb4 40. Nxd4 exd4 41. Qxd4+ Kg8 42. Rb2 Rb6 43. Kh2 a5 44. Rc2 Re6 45. Qd8+ 1-0

[Event "Buenos Aires Duchamp Memorial 2nd"]
[Site "Buenos Aires"]
[Date "2010.12.12"]
[Round "2"]
[White "Dos Santos, Ramiro"]
[Black "Pierrot, Juan Facundo"]
[Result "1/2-1/2"]
[WhiteElo "2450"]
[BlackElo "2439"]
[PlyCount "104"]
[EventDate "2010.12.11"]
[EventType "tourn"]
[EventRounds "9"]
[EventCountry "ARG"]
[EventCategory "12"]
[SourceTitle "CBM 139 Extra"]
[Source "ChessBase"]
[SourceDate "2011.01.05"]
[SourceVersion "1"]
[SourceVersionDate "2011.01.05"]
[SourceQuality "1"]

1. e4 e5 2. Nf3 Nc6 3. Bb5 a6 4. Ba4 Nf6 5. 0-0 Be7 6. Re1 b5 7. Bb3 0-0 8. c3 d6 9. d4 Bg4 10. d5 Na5 11. Bc2 c6 12. h3 Bc8 13. dxc6 Qc7 14. Nbd2 Qxc6 15. a4 Be6 16. Nf1 Nc4 17. Ng3 Rfe8 18. Nf5 Bf8 19. Nh2 d5 20. exd5 Qxd5 21. Ng4 Nxg4 22. Qxg4 g6 23. Be4 Qd7 24. axb5 Rac8 25. Rd1 Nd6 26. Bc6 Rxc6 27. bxc6 Qxc6 28. Rxd6 Bxd6 29. Nh6+ Kg7 30. Qe2 Bc4 31. Qd2 Bf8 32. Ng4 f5 33. Ne3 Be6 34. Qe2 Bc8 35. Nc2 Bb7 36. Ne1 Bd6 37. Bd2 f4 38. c4 e4 39. Bc3+ Kg8 40. Qg4 Qc8 41. Qh4 Qe6 42. Qh6 Qf7 43. Rd1 Bf8 44. Qg5 f3 45. Qf6 Qxf6 46. Bxf6 Re6 47. Bc3 Rd6 48. Rxd6 Bxd6 49. Nc2 Kf7 50. Nd4 g5 51. b4 Bc7 52. Nb3 Bd6 1/2-1/2

[Event "Buenos Aires Duchamp Memorial 2nd"]
[Site "Buenos Aires"]
[Date "2010.12.11"]
[Round "1"]
[White "Perez Ponsa, Federico"]
[Black "Dos Santos, Ramiro"]
[Result "1/2-1/2"]
[WhiteElo "2469"]
[BlackElo "2450"]
[PlyCount "45"]
[EventDate "2010.12.11"]
[EventType "tourn"]
[EventRounds "9"]
[EventCountry "ARG"]
[EventCategory "12"]
[SourceTitle "CBM 139 Extra"]
[Source "ChessBase"]
[SourceDate "2011.01.05"]
[SourceVersion "1"]
[SourceVersionDate "2011.01.05"]
[SourceQuality "1"]

1. e4 e5 2. Nf3 Nc6 3. Bb5 g6 4. d4 exd4 5. Bg5 Be7 6. Bxe7 Qxe7 7. Bxc6 dxc6 8. Qxd4 Nf6 9. Nc3 Bg4 10. Nd2 c5 11. Qe3 0-0-0 12. h3 Bd7 13. 0-0-0 Bc6 14. f3 b6 15. Rhe1 Rhe8 16. Nf1 Nh5 17. Rxd8+ Rxd8 18. Rd1 Rxd1+ 19. Nxd1 Qe5 20. Qd2 Nf4 21. Nfe3 h5 22. Nc4 Qg5 23. Nce3 1/2-1/2

[Event "Buenos Aires CA-ch"]
[Site "Buenos Aires"]
[Date "2010.12.03"]
[Round "6"]
[White "Dolezal, Cristian"]
[Black "Dos Santos, Ramiro"]
[Result "0-1"]
[WhiteElo "2413"]
[BlackElo "2438"]
[PlyCount "116"]
[EventDate "2010.11.30"]
[EventType "tourn"]
[EventRounds "7"]
[EventCountry "ARG"]
[EventCategory "6"]
[SourceTitle "EXT 2012"]
[Source "ChessBase"]
[SourceDate "2011.11.24"]
[SourceVersion "1"]
[SourceVersionDate "2011.11.24"]
[SourceQuality "1"]

1. e4 e5 2. Nf3 Nc6 3. Bb5 g6 4. d4 exd4 5. Nxd4 Bg7 6. Nxc6 bxc6 7. Bd3 Ne7 8. 0-0 0-0 9. Nd2 d6 10. Rb1 c5 11. Re1 Bb7 12. c3 Kh8 13. Nc4 Rb8 14. Ne3 f5 15. exf5 gxf5 16. Qh5 Qe8 17. Qxe8 Rbxe8 18. f3 Ng6 19. Bd2 Ne5 20. Bb5 Re6 21. Nc4 Rg6 22. Nxe5 dxe5 23. Kf2 Bf6 24. Rg1 Rd8 25. Rbd1 Bh4+ 26. g3 Rgd6 27. gxh4 Rxd2+ 28. Rxd2 Rxd2+ 29. Ke3 Rxb2 30. Bc4 h6 31. f4 Rc2 32. Be6 e4 33. Bxf5 Rxc3+ 34. Kd2 Rf3 35. Rc1 Bd5 36. Rxc5 c6 37. Ra5 Rxf4 38. Bg6 Rf2+ 39. Ke3 Rxa2 40. Rxa2 Bxa2 41. Bxe4 Bd5 42. Bc2 Kg7 43. Kd4 Kf6 44. Ba4 Kf5 45. Bd1 Ke6 46. Kc5 Ke5 47. h5 Kf4 48. Kd6 Bf3 49. Bc2 Kg5 50. Bg6 a5 51. Kc5 Bxh5 52. Be4 Be8 53. Bg2 Kf4 54. Bh3 Ke5 55. Bf1 h5 56. Be2 h4 57. Bd1 Bd7 58. Kb6 a4 0-1

[Event "Buenos Aires CA-ch"]
[Site "Buenos Aires"]
[Date "2010.12.01"]
[Round "3"]
[White "Dos Santos, Ramiro"]
[Black "Mareco, Sandro"]
[Result "0-1"]
[WhiteElo "2438"]
[BlackElo "2560"]
[PlyCount "94"]
[EventDate "2010.11.30"]
[EventType "tourn"]
[EventRounds "7"]
[EventCountry "ARG"]
[EventCategory "6"]
[SourceTitle "EXT 2012"]
[Source "ChessBase"]
[SourceDate "2011.11.24"]
[SourceVersion "1"]
[SourceVersionDate "2011.11.24"]
[SourceQuality "1"]

1. e4 c5 2. c3 Nf6 3. e5 Nd5 4. d4 cxd4 5. Nf3 e6 6. cxd4 d6 7. Bc4 Nc6 8. 0-0 Be7 9. Re1 0-0 10. exd6 Qxd6 11. Nc3 a6 12. a3 Rd8 13. Qd3 Nf6 14. Be3 b5 15. Ba2 Bb7 16. Rad1 b4 17. Ne4 Nxe4 18. Qxe4 bxa3 19. bxa3 Na5 20. Qg4 Bd5 21. Bxd5 Qxd5 22. Bh6 Bf6 23. Re5 Qb3 24. Nd2 Rxd4 25. Nxb3 Rxg4 26. Rxa5 gxh6 27. Rd6 Rb8 28. Nd2 Bc3 29. h3 Bxa5 30. hxg4 Rb2 31. Nf1 Bb6 32. Rd2 Rb1 33. g3 a5 34. Kg2 Ra1 35. Rb2 Bd4 36. Rb3 Ra2 37. Ne3 a4 38. Rd3 Bc5 39. Nd1 Kg7 40. Kf3 Kg6 41. Ke4 Rxa3 42. Rxa3 Bxa3 43. Nc3 Bc5 44. Nxa4 Bxf2 45. Nc3 Bxg3 46. Kf3 Be5 47. Ne4 h5 0-1

[Event "Buenos Aires CA-ch"]
[Site "Buenos Aires"]
[Date "2010.11.30"]
[Round "1"]
[White "Dos Santos, Ramiro"]
[Black "Barrionuevo, Pablo"]
[Result "1-0"]
[WhiteElo "2438"]
[BlackElo "2365"]
[PlyCount "85"]
[EventDate "2010.11.30"]
[EventType "tourn"]
[EventRounds "7"]
[EventCountry "ARG"]
[EventCategory "6"]
[SourceTitle "EXT 2012"]
[Source "ChessBase"]
[SourceDate "2011.11.24"]
[SourceVersion "1"]
[SourceVersionDate "2011.11.24"]
[SourceQuality "1"]

1. e4 e5 2. Nf3 Nc6 3. Bb5 Nge7 4. Nc3 g6 5. d4 exd4 6. Nd5 Bg7 7. Bg5 h6 8. Bf6 Bxf6 9. Nxf6+ Kf8 10. 0-0 a6 11. Ba4 Kg7 12. Nd5 b5 13. Bb3 Nxd5 14. Bxd5 Rb8 15. Bxc6 dxc6 16. Qxd4+ Qxd4 17. Nxd4 Re8 18. f3 c5 19. Ne2 Bb7 20. Rfd1 Rbd8 21. Nf4 a5 22. Kf2 Kf8 23. b3 Rd6 24. Nd3 Red8 25. Ke2 c4 26. bxc4 bxc4 27. Nc5 Bc8 28. Rab1 Ke7 29. Rxd6 Rxd6 30. Rb8 Rc6 31. Rxc8 Rxc5 32. a4 Kd7 33. Ra8 f5 34. Ke3 fxe4 35. Kxe4 Rh5 36. h3 Rg5 37. g4 Rc5 38. Kd4 Rc6 39. Rxa5 Rf6 40. Ke4 c6 41. Rc5 g5 42. Ke3 Re6+ 43. Kd2 1-0

[Event "Villa Martelli Pro Am op 17th"]
[Site "Villa Martelli"]
[Date "2010.10.20"]
[Round "7"]
[White "Viana, Dirceu"]
[Black "Dos Santos, Ramiro"]
[Result "0-1"]
[WhiteElo "2245"]
[BlackElo "2438"]
[PlyCount "94"]
[EventDate "2010.10.10"]
[EventType "swiss"]
[EventRounds "9"]
[EventCountry "ARG"]
[SourceTitle "CBM 138 Extra"]
[Source "ChessBase"]
[SourceDate "2010.10.29"]
[SourceVersion "1"]
[SourceVersionDate "2010.10.29"]
[SourceQuality "1"]

1. Nf3 g6 2. e4 c5 3. d4 cxd4 4. Qxd4 Nf6 5. Bb5 Nc6 6. Bxc6 dxc6 7. Qxd8+ Kxd8 8. Nc3 Bg7 9. Bf4 Nh5 10. 0-0-0+ Ke8 11. Bc7 Bg4 12. Rd3 Bxf3 13. Rxf3 Rc8 14. Bg3 e5 15. Rd1 Nxg3 16. hxg3 Ke7 17. Rdd3 Bh6+ 18. Kb1 Rcd8 19. b4 Rxd3 20. Rxd3 Rd8 21. Rxd8 Kxd8 22. Kb2 Bd2 23. Kb3 f5 24. exf5 gxf5 25. Nd1 Kd7 26. Kc4 b5+ 27. Kb3 Ke6 28. c3 e4 29. a4 Kd5 30. axb5 cxb5 31. Kc2 Be1 32. Kb3 h5 33. Kc2 Ke5 34. Kc1 f4 35. gxf4+ Kxf4 36. Kc2 h4 37. Kb3 e3 38. Nxe3 Bxf2 39. Nf1 Ke4 40. c4 Kd3 41. c5 Ke2 42. c6 Bb6 43. g4 Kxf1 44. g5 h3 45. g6 h2 46. g7 h1Q 47. g8Q Qf3+ 0-1

[Event "Villa Martelli Pro Am op 17th"]
[Site "Villa Martelli"]
[Date "2010.10.13"]
[Round "2"]
[White "Tokman, Ariel"]
[Black "Dos Santos, Ramiro"]
[Result "0-1"]
[WhiteElo "2202"]
[BlackElo "2438"]
[PlyCount "54"]
[EventDate "2010.10.10"]
[EventType "swiss"]
[EventRounds "9"]
[EventCountry "ARG"]
[SourceTitle "CBM 138 Extra"]
[Source "ChessBase"]
[SourceDate "2010.10.29"]
[SourceVersion "1"]
[SourceVersionDate "2010.10.29"]
[SourceQuality "1"]

1. d4 Nf6 2. c4 g6 3. Nf3 Bg7 4. g3 0-0 5. Bg2 c6 6. 0-0 d5 7. cxd5 cxd5 8. Nc3 e6 9. Bf4 Nc6 10. Rc1 Nd7 11. Qd2 Nb6 12. b3 Qe7 13. Nb5 Rd8 14. Nc7 Rb8 15. Rxc6 bxc6 16. Nxd5 cxd5 17. Bxb8 Ba6 18. Bf4 Rc8 19. Ne5 Nd7 20. Nf3 Qa3 21. Re1 Bf8 22. Bf1 Nf6 23. Qd1 Ne4 24. Bc1 Qa5 25. Bb2 Ba3 26. Bxa3 Qxa3 27. Ne5 Qb2 0-1

[Event "ARG-ch 85th"]
[Site "Buenos Aires"]
[Date "2010.07.13"]
[Round "8"]
[White "Valli, Americo"]
[Black "Dos Santos, Ramiro"]
[Result "0-1"]
[WhiteElo "1972"]
[BlackElo "2442"]
[PlyCount "66"]
[EventDate "2010.07.05"]
[EventType "swiss"]
[EventRounds "11"]
[EventCountry "ARG"]
[SourceTitle "CBM 137 Extra"]
[Source "ChessBase"]
[SourceDate "2010.09.01"]
[SourceVersion "1"]
[SourceVersionDate "2010.09.01"]
[SourceQuality "1"]

1. e4 c5 2. Ne2 Nc6 3. c4 e6 4. Nbc3 Nf6 5. d4 d5 6. exd5 exd5 7. cxd5 Nxd5 8. Nxd5 Qxd5 9. Be3 cxd4 10. Bxd4 Nxd4 11. Qxd4 Qxd4 12. Nxd4 Bb4+ 13. Ke2 0-0 14. Rc1 Rd8 15. Rc4 Be7 16. Ke3 b6 17. Nc6 Bg5+ 18. f4 Re8+ 19. Kf2 Bf6 20. Ne5 Bxe5 21. fxe5 Rxe5 22. Rc7 Be6 23. Be2 Rd8 24. Rd1 Rxe2+ 25. Kxe2 Bg4+ 26. Ke3 Rxd1 27. Rxa7 g6 28. Rb7 Rd6 29. Kf4 h5 30. Ke5 Re6+ 31. Kd4 Kg7 32. h4 Bf5 33. Kc4 Be4 0-1

[Event "ARG-ch 85th"]
[Site "Buenos Aires"]
[Date "2010.07.08"]
[Round "4"]
[White "Lezcano, Gustavo"]
[Black "Dos Santos, Ramiro"]
[Result "0-1"]
[WhiteElo "2177"]
[BlackElo "2442"]
[PlyCount "100"]
[EventDate "2010.07.05"]
[EventType "swiss"]
[EventRounds "11"]
[EventCountry "ARG"]
[SourceTitle "CBM 137 Extra"]
[Source "ChessBase"]
[SourceDate "2010.09.01"]
[SourceVersion "1"]
[SourceVersionDate "2010.09.01"]
[SourceQuality "1"]

1. e4 c5 2. Nc3 Nc6 3. Bb5 g6 4. Bxc6 bxc6 5. d4 Bg7 6. dxc5 Qa5 7. Nge2 Qxc5 8. Be3 Qa5 9. Qd2 Ba6 10. 0-0 Nf6 11. Rfd1 0-0 12. Bg5 Bxe2 13. Bxf6 Bxd1 14. Bxg7 Kxg7 15. Rxd1 Rab8 16. b3 d6 17. h3 Qc5 18. Ne2 Qe5 19. Nd4 Rfc8 20. Re1 Kg8 21. c4 Qf6 22. Nf3 a5 23. e5 dxe5 24. Qxa5 Ra8 25. Qxe5 Qxe5 26. Rxe5 e6 27. a4 Rd8 28. Re3 Rd1+ 29. Kh2 c5 30. Ne5 Rb8 31. Nc6 Rb6 32. Na5 Rd7 33. Re5 Rc7 34. f3 Ra6 35. b4 cxb4 36. Rb5 Rca7 37. Nb3 Rxa4 38. c5 Rc7 39. Kg3 Kg7 40. Kf4 Kf6 41. g4 g5+ 42. Ke4 Ra2 43. Rxb4 Rh2 44. Rb6 Rxh3 45. c6 h5 46. Nd4 hxg4 47. Nb5 Rc8 48. Nd6 g3 49. Nxc8 g2 50. Rb1 Rh1 0-1